Hearing on National Defense Authorization Act for Fiscal Year 2017 and Oversight of Previously Authorized Programs : The Fiscal Year 2017 National Defense Authorization Budget Request from the Military Departments.

Bibliographic Details
Format: Government Document eBook
Language:English
Published: Bethesda, Md. : ProQuest, 2016.
Subjects:
Online Access:Electronic resource (PDF)

MARC

Tag First Indicator Second Indicator Subfields
LEADER 00000cam a22000001i 4500
001 in00004161821
005 20200117100917.0
006 m d f
007 cr bn mmmapmmp
008 170425s2016 mdu o f000 0 eng d
035 |a chdc20170264 
040 |a UMI  |b eng  |e rda  |c UMI  |d UtOrBLW 
043 |a n-us--- 
086 0 |a Y 4.AR 5/2A:2015-2016/111 
110 1 |a United States.  |b Congress.  |b House.  |b Committee on Armed Services,  |e issuing body.  |0 http://id.loc.gov/authorities/names/n81038423 
245 1 0 |a Hearing on National Defense Authorization Act for Fiscal Year 2017 and Oversight of Previously Authorized Programs :  |b The Fiscal Year 2017 National Defense Authorization Budget Request from the Military Departments. 
264 1 |a Bethesda, Md. :  |b ProQuest,  |c 2016. 
300 |a 194 pages, digital, PDF file 
336 |a text  |2 rdacontent  |b txt 
337 |a computer  |b c  |2 rdamedia 
338 |a online resource  |2 rdacarrier  |b cr 
500 |a Record is based on bibliographic data in ProQuest U.S. Congressional Hearings Digital Collection. Reuse except for individual research requires license from ProQuest, LLC. 
533 |a Electronic reproduction.  |b [Bethesda, Md.] :  |c ProQuest,  |d 2017.  |e digital, PDF file.  |n ProQuest Congressional Hearings Digital Collection.  |n Mode of access: World Wide Web via ProQuest website. 
538 |a System requirements: PDF reader software. 
610 1 0 |a United States.  |b Department of Defense.  |0 http://id.loc.gov/authorities/names/n79021946 
650 0 |a National security  |z United States  |x Finance.  |0 http://id.loc.gov/authorities/subjects/sh2010103234 
651 0 |a United States  |x Armed Forces  |x Appropriations and expenditures.  |0 http://id.loc.gov/authorities/subjects/sh85139808 
776 0 8 |i Microfiche version:   |a United States. Congress. House. Committee on Armed Services  |t Hearing on National Defense Authorization Act for Fiscal Year 2017 and Oversight of Previously Authorized Programs  |o CIS 2017 H201-26  |w cis20170538 
856 4 0 |u http://proxy.library.tamu.edu/login?url=http://search.proquest.com/congcomp/getdoc?HEARING-ID=HRG-2016-ASH-0044  |y Electronic resource (PDF)  |z CIS 2017-H201-26  |t 0 
998 |a cis20170538 
999 f f |s 080f44a0-77ca-3275-a440-7efa5abac7c6  |i 100f3518-5bd2-3dcd-9c24-039b6e7fbf19  |t 0 
952 f f |a Texas A&M University  |b College Station  |c Electronic Resources  |d Available Online  |t 0  |e Y 4.AR 5/2A:2015-2016/111  |h Superintendent of Documents classification 
998 f f |a Y 4.AR 5/2A:2015-2016/111  |t 0  |l Available Online